The Illustrated Encyclopedia of General Aviation / (Record no. 12170)
[ view plain ]
| 000 -LEADER | |
|---|---|
| fixed length control field | 01048pam a2200265 a 4500 |
| 001 - CONTROL NUMBER | |
| control field | 3872353 |
| 005 - DATE AND TIME OF LATEST TRANSACTION | |
| control field | 19900329090723.8 |
| 008 - FIXED-LENGTH DATA ELEMENTS--GENERAL INFORMATION | |
| fixed length control field | 891016s1990 paua d 000 0 eng |
| 010 ## - LIBRARY OF CONGRESS CONTROL NUMBER | |
| LC control number | 89029160 |
| 020 ## - INTERNATIONAL STANDARD BOOK NUMBER | |
| International Standard Book Number | 083068316X |
| Terms of availability | $34.95 |
| 020 ## - INTERNATIONAL STANDARD BOOK NUMBER | |
| International Standard Book Number | 0830633162 (pbk.) |
| Terms of availability | $24.60 |
| 040 ## - CATALOGING SOURCE | |
| Original cataloging agency | DLC |
| Transcribing agency | DLC |
| Modifying agency | DLC |
| 050 00 - LIBRARY OF CONGRESS CALL NUMBER | |
| Classification number | TL509 |
| Item number | .G27 1990 |
| 082 00 - DEWEY DECIMAL CLASSIFICATION NUMBER | |
| Classification number | 629.13003 |
| Item number | GAR |
| 100 1# - MAIN ENTRY--PERSONAL NAME | |
| Personal name | Garrison, Paul. |
| 9 (RLIN) | 7447 |
| 245 14 - TITLE STATEMENT | |
| Title | The Illustrated Encyclopedia of General Aviation / |
| Statement of responsibility, etc | Paul Garrison. |
| 250 ## - EDITION STATEMENT | |
| Edition statement | 2nd ed. |
| 260 ## - PUBLICATION, DISTRIBUTION, ETC. (IMPRINT) | |
| Place of publication, distribution, etc | Blue Ridge Summit, PA : |
| Name of publisher, distributor, etc | Tab Books, |
| Date of publication, distribution, etc | c1990. |
| 300 ## - PHYSICAL DESCRIPTION | |
| Extent | xxii, 462 p. : |
| Other physical details | ill. ; |
| Dimensions | 25 cm. |
| 650 #0 - SUBJECT ADDED ENTRY--TOPICAL TERM | |
| Topical term or geographic name as entry element | Aeronautics |
| General subdivision | Dictionaries. |
| 9 (RLIN) | 7448 |
| 650 #0 - SUBJECT ADDED ENTRY--TOPICAL TERM | |
| Topical term or geographic name as entry element | Private flying |
| General subdivision | Dictionaries. |
| 9 (RLIN) | 7449 |
| 942 ## - ADDED ENTRY ELEMENTS (KOHA) | |
| Source of classification or shelving scheme | Dewey Decimal Classification |
| Item type | Book - Borrowing |
| Withdrawn status | Item status | Source of classification or shelving scheme | Damaged status | Not for loan | Vendor | Home library | Current library | Shelving location | Date acquired | Source of acquisition | Cost, normal purchase price | Serial Enumeration / chronology | Total Checkouts | Full call number | Barcode | Date last seen | Date last borrowed | Koha item type |
|---|---|---|---|---|---|---|---|---|---|---|---|---|---|---|---|---|---|---|
| Dewey Decimal Classification | Alahram | Central Library | Central Library | First floor | 15/09/2010 | 87.90 | 72 | 1 | 629.13003 GAR | 000017327 | 15/07/2025 | 29/05/2016 | Book - Borrowing |